000 01204nam0a2200277 4500
001 RU\NLR\bibl\462540
005 20250623184336.0
021 _aRU
_b2003-54950
_92670
035 _a(NLR Aleph) 000455967
090 _a903692
_c903692
100 _a20031120d2003 |||y0rusy50 ca
101 0 _arus
102 _aRU
105 _ay |||||||||
200 1 _aГосударственное регулирование инвестиционной политики
_fС.А. Наметкин
_gМ-во образования Рос. Федерации, Гос. образоват. учреждение высш. проф. образования "С.-Петерб. гос. ун-т экономики и финансов"
205 _a[Препр.]
210 _aСПб.
_cИзд-во СПбГУЭФ
_d2003
215 _a17 с.
_d20
606 0 _aИнвестиции капитала
_xГосударственное регулирование
_92312390
_3RU\NLR\auth\661383877
686 _aУ010.65
700 1 _aНаметкин
_bС. А.
_gСергей Александрович
_4070
801 0 _aRU
_bNLR
_c20031120
_gPSBO
801 1 _aRU
_bNLR
_c20031120
942 _cBOOK
980 _aNB